Tang lễ của người Nùng Giang ở Cao Bằng

Tìm hiểu nghi thức tổ chức tang lễ của người Nùng Giang ở Cao Bằng như: thủ tục khâm liệm, đón thầy Tào, nhập quan, nghi thức và nghi lễ tang, trình tự lễ hành tang và một số lễ cúng trong vòng tang

Bewaard in:
Bibliografische gegevens
Hoofdauteur: Triệu Thị Mai
Formaat: Boek
Taal:Vietnamese
Gepubliceerd in: H. Văn hoá Thông tin 2011
Onderwerpen:
Tags: Voeg label toe
Geen labels, Wees de eerste die dit record labelt!
Thư viện lưu trữ: Mạng thư viện Đại học Đà Nẵng
LEADER 01441aam a22003618a 4500
001 000018089
003 14516
005 20130904100939.0
008 130904s2011 viesd
020 |d 2000b 
041 0 |a vie 
082 1 4 |2 14  |a 393.0959712  |b TR-M 
100 1 |a Triệu Thị Mai 
245 1 0 |a Tang lễ của người Nùng Giang ở Cao Bằng  |c Triệu Thị Mai 
260 |a H.  |b Văn hoá Thông tin  |c 2011 
300 |a 263 tr.  |c 21 cm. 
520 |a Tìm hiểu nghi thức tổ chức tang lễ của người Nùng Giang ở Cao Bằng như: thủ tục khâm liệm, đón thầy Tào, nhập quan, nghi thức và nghi lễ tang, trình tự lễ hành tang và một số lễ cúng trong vòng tang 
650 7 |2 Bộ TK TVQG 
650 7 |2 Bộ TK TVQG 
650 0 4 |2 Bộ TK TVQG  |a Phong tục dân gian  |x Người Nùng Giang  |z Cao Bằng 
651 7 |2 Bộ TK TVQG  |a Cao Bằng 
651 7 |2 Bộ TK TVQG  |a Việt Nam 
653 |a Tang lễ 
OWN |a LSP 
AVA |a UDN50  |b LSP  |d 393.0959712 TR-M  |e available  |t Error 5001 Not defined in file expand_doc_bib_avail.  |f 1  |g 0  |h N  |i 0  |k 1 
999 |a From the UDN01 
AVA |a UDN50  |b LSP  |d 393.0959712 TR-M  |e available  |t Error 5001 Not defined in file expand_doc_bib_avail.  |f 1  |g 0  |h N  |i 0  |k 1 
TYP |a Monograph 
TYP |a Printed language 
980 |a Mạng thư viện Đại học Đà Nẵng